Temas vigentes en materia de derecho procesal y probatorio homenaje al doctor Hernado Morales Molina (Registro nro. 59228)
[ vista simple ]
| 000 -ENCABEZADO | |
|---|---|
| Número de control [NR] | 01155nam a2200289Ia 4500 |
| 008 - DE LONGITUD FIJA DE DATOS DE ELEMENTOS - INFORMACIÓN GENERAL | |
| Elementos de longitud fija [NR] | 130821s2008 ck gr spa |
| 020 ## - NUMERO INTERNACIONAL NORMALIZADO PARA LIBROS [R] | |
| Número Internacional Normalizado del libro [NR] | 9789588378688 |
| 040 ## - FUENTE DE CATALOGACION [NR] | |
| Agencia de catalogación original [NR] | Co-BoUCM |
| Idioma de catalogación [NR] | spa |
| 041 00 - CODIGO DE IDIOMA [R] | |
| Código de idioma para texto/pista de sonido o título separado [R] | Español |
| 245 00 - MENCION DE TITULO [NR] | |
| Título [NR] | Temas vigentes en materia de derecho procesal y probatorio homenaje al doctor Hernado Morales Molina |
| Mención de responsabilidad, etc. [NR] | Gabriel Hernández Villarreal, coordinador académico |
| 260 ## - PUBLICACION, DISTRIBUCION, ETC. (PIE DE IMPRENTA) [R] | |
| Lugar de publicación, distribución, etc. [R] | Bogotá (Colombia) |
| Nombre del editor, distribuidor, etc. [R] | Editorial Universidad del Rosario |
| Fecha de publicación, distribución, etc. [R] | 2008 |
| 300 ## - DESCRIPCION FISICA [R] | |
| Extensión [R] | 384 páginas |
| 490 ## - MENCION DE SERIE [R] | |
| Mención de serie [R] | Colección Textos de Jurisprudencia |
| 500 ## - NOTA GENERAL [R] | |
| Nota general [NR] | Especialización en derecho procesal 25 años |
| 504 ## - NOTA DE BIBLIOGRAFIA, ETC. [R] | |
| Nota de bibliografía, etc. [NR] | |
| 650 04 - ASIENTO SECUNDARIO DE MATERIA - TERMINO TEMATICO [R] | |
| Término temático o nombre geográfico como elemento de entrada [NR] | Derecho laboral |
| 9 (RLIN) | 12787 |
| 650 04 - ASIENTO SECUNDARIO DE MATERIA - TERMINO TEMATICO [R] | |
| Término temático o nombre geográfico como elemento de entrada [NR] | Derecho penal |
| 9 (RLIN) | 12805 |
| 650 04 - ASIENTO SECUNDARIO DE MATERIA - TERMINO TEMATICO [R] | |
| Término temático o nombre geográfico como elemento de entrada [NR] | Derecho probatorio |
| 9 (RLIN) | 12821 |
| 650 04 - ASIENTO SECUNDARIO DE MATERIA - TERMINO TEMATICO [R] | |
| Término temático o nombre geográfico como elemento de entrada [NR] | Derecho procesal |
| 9 (RLIN) | 12822 |
| 650 04 - ASIENTO SECUNDARIO DE MATERIA - TERMINO TEMATICO [R] | |
| Término temático o nombre geográfico como elemento de entrada [NR] | Medidas cautelares |
| 9 (RLIN) | 19223 |
| 650 04 - ASIENTO SECUNDARIO DE MATERIA - TERMINO TEMATICO [R] | |
| Término temático o nombre geográfico como elemento de entrada [NR] | Proceso civil |
| 9 (RLIN) | 22376 |
| 650 04 - ASIENTO SECUNDARIO DE MATERIA - TERMINO TEMATICO [R] | |
| Término temático o nombre geográfico como elemento de entrada [NR] | Proceso ejecutivo |
| 9 (RLIN) | 22382 |
| 700 1# - ASIENTO SECUNDARIO - NOMBRE PERSONAL [R] | |
| Nombre personal [NR] | Hernández Villarreal, Gabriel |
| 9 (RLIN) | 43886 |
| 710 1# - ASIENTO SECUNDARIO - NOMBRE CORPORATIVO [R] | |
| Nombre corporativo o de jurisdicción como elemento de entrada [NR] | Universidad Colegio Mayor de Nuestra Señora del Rosario. |
| Unidad subordinada [R] | Facultad de Jurisprudencia |
| 9 (RLIN) | 3801 |
| 942 ## - ELEMENTOS DE ENTRADA AGREGADOS (KOHA) | |
| Tipo de ítem principal el descrito en 300a | Libro |
| Sistema de clasificación | DEWEY |
| Tema principal | Derecho |
| Edición | 1 |
| Clasificación | 347.05 |
| Parte restante de la signatura top. | T278 |
| Fecha de último préstamo | Total préstamos | Total Renewals | Signatura topográfica | Código de barras | Última vez visto | Ejemplar | Price effective from | Tipo de ítem | Perdido | Sistema de clasificación | Dañado | No prestable | Tipo de ítem específico | Suprimido | Ubicación habitual | Ubicación actual | Localización | Fecha de creación | Forma de adquisición | Costo |
|---|---|---|---|---|---|---|---|---|---|---|---|---|---|---|---|---|---|---|---|---|
| 10/02/2009 | 347.05 T278 | 200018268 | 09/12/2017 | Ej.1 | 03/02/2013 | Libro | DEWEY | Libro | Bodega | Bodega | Préstamo 4 días después de solicitado | 30/09/2009 | Memoria institucional | 26000.00 | ||||||
| 20/09/2022 | 16 | 5 | 347.05 T278 | 100096455 | 09/12/2025 | Ej.1 | 03/02/2013 | Libro | DEWEY | Libro | Claustro | Claustro | 3er piso | 28/02/2013 | Memoria institucional | 26000.00 | ||||
| 16/02/2024 | 19 | 17 | 347.05 T278 | 100096457 | 09/12/2025 | Ej.3 | 03/02/2013 | Libro | DEWEY | Libro | Claustro | Claustro | 3er piso | 28/02/2013 | Memoria institucional | 26000.00 | ||||
| 29/09/2010 | 2 | 347.05 T278 | 100096456 | 03/12/2025 | Ej.2 | 03/02/2013 | Edición Rosarista | DEWEY | Libro Edición Rosarista | Claustro | Claustro | 4to piso | 28/02/2013 | Memoria institucional | 26000.00 |